Song Title to Artist Click Quiz - Punk - Statistics

General Stats
  • This quiz has been taken 328 times
  • The average score is 10 of 20
Answer Stats
Hint Answer % Correct
Wake Me up When September Ends Green Day
88%
Should I Stay or Should I Go The Clash
86%
Anarchy in the U.K. Sex Pistols
83%
Blitzkrieg Bop Ramones
74%
What's My Age Again? blink-182
71%
Sugar, We're Goin' Down Fall Out Boy
64%
Love Will Tear Us Apart Joy Division
64%
The Kids Aren't Alright The Offspring
63%
I'm Not Okay (I Promise) My Chemical Romance
58%
Holiday in Cambodia Dead Kennedys
50%
Blister in the Sun Violent Femmes
44%
Ever Fallen in Love (With Someone You Shouldn't've?) Buzzcocks
43%
Town Called Malice The Jam
35%
Rise Above Black Flag
34%
Waiting Room Fugazi
34%
Banned in D.C. Bad Brains
31%
21st Century (Digital Boy) Bad Religion
30%
Last Caress Misfits
30%
Savior Rise Against
27%
Swingin Party The Replacements
23%
No matching quizzes found
Score Distribution
Percent of People with Each Score
Percentile by Number Answered
Your Score History
You have not taken this quiz